[Event "Ch France (accession)"]
[Site "masterchessopen.com - Chambery (France)"]
[Round "7"]
[White "Manouck Thierry (FRA)"]
[Black "Nguyen Chi-Minh (FRA)"]
[Result "1-0"]
[WhiteElo "2285"]
[BlackElo "2401"]

1.c4 f5 2.Nf3 Nf6 3.g3 g6 4.Bg2 Bg7 5.O-O O-O 6.Nc3 d6 7.d4 Nc6 8.d5 Na5 9.Qa4
c5 10.dxc6 Nxc6 11.Rd1 Qa5 12.Qxa5 Nxa5 13.Nd5 Nxd5 14.cxd5 Bd7 15.Nd4 Rfc8
16.b3 Bb5 17.Bg5 Bxd4 18.Rxd4 Rc7 19.e4 Kf7 20.Re1 Rac8 21.exf5 gxf5 22.Bh3
Kg6 23.Bd2 b6 24.Re6+ Kf7 25.Bxf5 Bd7 26.Rh6 Bxf5 27.Rf4 Rc2 28.Rxf5+ Kg7
29.Be3 Rxa2 30.Re6 Rc7 31.Bh6+ {#r} 1-0

[Event "It (open)"]
[Site "masterchessopen.com - Gent (Belgium)"]
[Round "0"]
[White "Sadkowsky Daniel (BEL)"]
[Black "Becx Cesar (NED)"]
[Result "1-0"]
[WhiteElo "2277"]
[BlackElo "2270"]

1.Nf3 f5 2.d4 Nf6 3.g3 g6 4.Bg2 Bg7 5.O-O O-O 6.c4 d6 7.Nc3 Nc6 8.d5 Na5 9.Qa4
c5 10.dxc6 Nxc6 11.Rd1 Qa5 12.Qxa5 Nxa5 13.Nd5 Nc6 14.Rb1 Ne4 15.Ng5 Nxg5
16.Bxg5 Kf7 17.b4 h6 18.b5 hxg5 19.bxc6 Rb8 20.a4 e6 21.Nc7 b6 22.Nb5 {#r} 1-0

[Event "It (open)"]
[Site "masterchessopen.com - Haarlem (Netherlands)"]
[Round "4"]
[White "Lalic Bogdan (ENG)"]
[Black "Bezemer Arno (NED)"]
[Result "1-0"]
[WhiteElo "2530"]
[BlackElo "2351"]

1.c4 f5 2.Nf3 Nf6 3.g3 g6 4.Bg2 Bg7 5.O-O O-O 6.d4 d6 7.Nc3 Nc6 8.d5 Ne5
9.Nxe5 dxe5 10.Qb3 e4 11.c5 Kh8 12.Bf4 a6 13.Rad1 Nh5 14.Bc1 Rb8 15.f3 exf3
16.exf3 e5 17.dxe6 Qe7 18.Rfe1 Qxc5+ 19.Be3 Qe7 20.Nd5 Qd6 21.e7 Re8 22.Ba7
Ra8 23.Qe3 {#r} 1-0

[Event "Ch Hungary (team)"]
[Site "masterchessopen.com - Hungary"]
[Round "2"]
[White "Csomos Janos (HUN)"]
[Black "Radics Laszlo (HUN)"]
[Result "0-1"]
[WhiteElo "1880"]
[BlackElo "1979"]

1.d4 f5 2.g3 g6 3.Bg2 Bg7 4.c4 Nf6 5.Nc3 d6 6.Nf3 O-O 7.O-O Nc6 8.Bf4 Nh5 9.d5
Ne5 10.Qb3 Nd7 11.Qc2 Nb6 12.Nb5 c6 13.Nbd4 Bd7 14.Rad1 cxd5 15.cxd5 Rc8
16.Qb3 Ba4 17.Qd3 Bxd1 18.Rxd1 Nxf4 19.gxf4 Qd7 20.Ne6 Bxb2 21.Nxf8 Rxf8
22.Ng5 Qa4 23.Qd2 Nc4 24.Qd3 Bf6 25.Ne6 Nb2 {#R} 0-1

[Event "Ch Hungary (team) 1993/94"]
[Site "masterchessopen.com - Hungary"]
[Round "0"]
[White "Botos Ferenc (HUN)"]
[Black "Hajdu Istvan (HUN)"]
[Result "0-1"]
[WhiteElo "2214"]
[BlackElo "1944"]

1.d4 f5 2.c4 Nf6 3.Nc3 g6 4.Nf3 Bg7 5.g3 O-O 6.Bg2 d6 7.O-O Nc6 8.d5 Ne5 9.Nd4
Nxc4 10.b3 Nb6 11.Bb2 Bd7 12.Rc1 Rc8 13.a4 c6 14.dxc6 bxc6 15.e4 Nxe4 16.Nxe4
fxe4 17.Bxe4 c5 18.a5 cxd4 19.axb6 Qxb6 20.h4 Be6 21.h5 Qxb3 22.Qd2 Bd5 {#R}
0-1

[Event "Ch Hungary (team) 1993/94"]
[Site "masterchessopen.com - Hungary"]
[Round "0"]
[White "Medic Mirjana (CRO)"]
[Black "Galyas Miklos (HUN)"]
[Result "1-0"]
[WhiteElo "2251"]
[BlackElo "2265"]

1.Nf3 f5 2.d4 Nf6 3.g3 g6 4.Bg2 Bg7 5.c4 O-O 6.Nc3 d6 7.O-O Nc6 8.b3 Nh5 9.e3
e5 10.d5 Ne7 11.Bb2 f4 12.exf4 exf4 13.Nh4 fxg3 14.fxg3 Rxf1+ 15.Qxf1 Nf5
16.Nxf5 Bxf5 17.Na4 Qd7 18.Re1 Re8 19.Bxg7 Kxg7 20.Nc3 Nf6 21.h3 Bd3 22.Qf2 a6
23.Rxe8 Qxe8 24.Qd4 Qe1+ 25.Kh2 Bf1 26.Ne4 Bxg2 27.Qxf6+ Kg8 28.Qe6+ {#r} 1-0

[Event "It (open)"]
[Site "masterchessopen.com - Lenk (Switzerland)"]
[Round "0"]
[White "Terreaux Gilles (SUI)"]
[Black "Siebrecht Sebastian (GER)"]
[Result "0-1"]
[WhiteElo "2287"]
[BlackElo "2280"]

1.Nf3 d6 2.d4 g6 3.g3 Bg7 4.Bg2 f5 5.O-O Nf6 6.c4 O-O 7.Nc3 Nc6 8.d5 Na5 9.Qa4
c5 10.dxc6 Nxc6 11.Rd1 Ne4 12.Nxe4 fxe4 13.Ng5 Nd4 14.Re1 Bd7 15.Qd1 Qb6
16.Nxe4 Bc6 17.e3 Ne6 18.Rb1 Qa6 19.Qg4 Rf5 20.a3 Raf8 21.b3 b6 22.Nd2 Bxg2
23.Kxg2 Rxf2+ 24.Kg1 Nc5 25.Ne4 Nxe4 26.Qxe4 Qc8 {#R} 0-1

[Event "It (open)"]
[Site "masterchessopen.com - Mar del Plata (Argentina)"]
[Round "5"]
[White "Polo Gomez Vicente (ARG)"]
[Black "Vescovi Giovanni (BRA)"]
[Result "0-1"]
[WhiteElo "2212"]
[BlackElo "2455"]

1.c4 f5 2.Nf3 Nf6 3.g3 g6 4.Bg2 Bg7 5.O-O d6 6.d4 O-O 7.Nc3 Nc6 8.d5 Na5 9.Nd2
c5 10.Qc2 e5 11.dxe6 Bxe6 12.Nd5 Nc6 13.e3 Qd7 14.Nb1 Ne7 15.Nbc3 Nexd5
16.cxd5 Bf7 17.a4 Rae8 18.Rb1 g5 19.f4 Ng4 20.fxg5 Bg6 21.Kh1 f4 22.e4 fxg3
23.Bf4 Nxh2 24.Qd3 Nxf1 25.Rxf1 Bxc3 26.bxc3 Bxe4 27.Qxg3 Bxg2+ 28.Qxg2 Qxa4
{#R} 0-1

[Event "It (open)"]
[Site "masterchessopen.com - Marijampole (Lithuania)"]
[Round "2"]
[White "Lipskij Valerij (LTU)"]
[Black "Grunberg Mihai-Lucian (ROM)"]
[Result "0-1"]
[WhiteElo "2118"]
[BlackElo "2345"]

1.d4 f5 2.g3 Nf6 3.Bg2 g6 4.Nf3 Bg7 5.O-O O-O 6.c4 d6 7.Nc3 Nc6 8.Bg5 Ne4
9.Be3 Nxc3 10.bxc3 e5 11.dxe5 dxe5 12.Qd5+ Kh8 13.Ng5 Qf6 14.f4 h6 15.Nf3 e4
16.Bd4 Nxd4 17.Nxd4 Rd8 18.Qc5 Rxd4 19.cxd4 Qxd4+ 20.Qxd4 Bxd4+ 21.e3 Bxa1
22.Rxa1 Be6 23.Rb1 b6 24.Bf1 Rd8 25.Rb3 Rd2 26.Ra3 a5 27.h3 Rc2 28.Ra4 Kg7
{#R} 0-1

[Event "It (open)"]
[Site "masterchessopen.com - Moscow (Russia)"]
[Round "8"]
[White "Mitenkov Alexey (RUS)"]
[Black "Margoline Boris (GER)"]
[Result "1-0"]
[WhiteElo "2449"]
[BlackElo "2400"]

1.d4 f5 2.g3 Nf6 3.Bg2 g6 4.c4 Bg7 5.Nc3 d6 6.Nf3 O-O 7.O-O Nc6 8.d5 Na5 9.Qd3
e5 10.dxe6 Bxe6 11.b3 Nc6 12.Ng5 Bd7 13.Bb2 h6 14.Nh3 Ne4 15.Rab1 Qe8 16.Nd5
Rc8 17.Bxg7 Kxg7 18.f4 Be6 19.Nf2 Nxf2 20.Rxf2 Kh7 21.e4 fxe4 22.Bxe4 Bxd5
23.cxd5 Ne7 24.Re1 Qf7 25.Rfe2 Rce8 26.Qb5 b6 27.Qd7 Kg7 28.Bd3 Nxd5 29.Qxf7+
Kxf7 30.Rxe8 Rxe8 {#r} 1-0

[Event "Olympiad"]
[Site "masterchessopen.com - Moscow (Russia)"]
[Round "11"]
[White "Al Shaali (UAE)"]
[Black "Nakamura Asuka (USA)"]
[Result "0-1"]
[WhiteElo "2178"]
[BlackElo "2155"]

1.Nf3 f5 2.d4 Nf6 3.g3 g6 4.Bg2 Bg7 5.O-O O-O 6.c4 d6 7.Nc3 Nc6 8.d5 Ne5
9.Nxe5 dxe5 10.Qb3 h6 11.Rd1 g5 12.c5 Kh8 13.Bd2 a6 14.Be1 h5 15.a4 h4 16.a5
hxg3 17.fxg3 e4 18.Na4 Qe8 19.d6 exd6 20.cxd6 cxd6 21.Rxd6 Qh5 22.Nb6 Rb8
23.Rad1 f4 24.Nxc8 Rbxc8 25.Qxb7 Ng4 26.h3 Ne3 27.g4 Qe8 28.Bxe4 Rc7 29.Rh6+
Bxh6 30.Bc3+ Kg8 31.Bd5+ Nxd5 32.Qxd5+ Rcf7 {#R} 0-1

[Event "Ch Germany (juniors) (under 13)"]
[Site "masterchessopen.com - Osnabrueck (Germany)"]
[Round "10"]
[White "Bromberger Stefan (GER)"]
[Black "Sturm Bernhard (GER)"]
[Result "1-0"]
[WhiteElo "2511"]
[BlackElo "2110"]

1.d4 f5 2.c4 Nf6 3.g3 g6 4.Bg2 Bg7 5.Nc3 O-O 6.Nf3 d6 7.O-O Nc6 8.d5 Ne5
9.Nxe5 dxe5 10.Qb3 e4 11.Rd1 Kh8 12.c5 a6 13.Bf4 Nh5 14.Be3 Qe8 15.d6 exd6
16.cxd6 cxd6 17.Rxd6 b5 18.Rad1 Qf7 19.Qxf7 Rxf7 20.Nxe4 Bxb2 21.Ng5 {#r} 1-0

[Event "It (open)"]
[Site "masterchessopen.com - Polanica Zdroj (Poland)"]
[Round "0"]
[White "Jasnikowski Zbigniew (POL)"]
[Black "Grabarczyk Bogdan (POL)"]
[Result "1-0"]
[WhiteElo "2475"]
[BlackElo "2409"]

1.d4 f5 2.c4 Nf6 3.Nc3 g6 4.Nf3 Bg7 5.g3 O-O 6.Bg2 d6 7.O-O Nc6 8.d5 Ne5
9.Nxe5 dxe5 10.Qb3 h6 11.e4 f4 12.gxf4 exf4 13.Bxf4 Nxe4 14.Bxc7 Qxc7 15.Nxe4
Rf4 16.d6 exd6 17.c5+ d5 18.Qxd5+ Kh7 19.Nd6 Rh4 20.Rac1 Bg4 21.Qxb7 Qxb7
22.Bxb7 Rb8 23.Rc4 Bf8 24.f3 Bh3 25.Rxh4 Bxf1 26.Kxf1 Bxd6 27.cxd6 Rxb7 {#r}
1-0

[Event "Ch Moravia (open)"]
[Site "masterchessopen.com - Prerov (Czech Republic)"]
[Round "0"]
[White "Sekanina Jiri (CZE)"]
[Black "Sluka Radek (CZE)"]
[Result "0-1"]
[WhiteElo "2146"]
[BlackElo "2276"]

1.c4 f5 2.Nf3 Nf6 3.g3 g6 4.Bg2 Bg7 5.O-O O-O 6.d4 d6 7.Nc3 Nc6 8.d5 Na5 9.Nd2
c5 10.Qc2 e5 11.dxe6 Bxe6 12.b3 Nc6 13.Bb2 Qe7 14.Rad1 Nd4 15.Qd3 f4 16.gxf4
Bf5 17.e4 Be6 18.Ne2 Nxe2+ 19.Qxe2 Nh5 20.Bxg7 Nxf4 {#R} 0-1

[Event "It (open)"]
[Site "masterchessopen.com - San Feliu de Guixols (Spain)"]
[Round "5"]
[White "Lestao Balseiro Adrian (ESP)"]
[Black "Aranda Marin Cristian (ESP)"]
[Result "0-1"]
[WhiteElo "2234"]
[BlackElo "2330"]

1.c4 f5 2.d4 Nf6 3.Nc3 g6 4.g3 Bg7 5.Bg2 O-O 6.Nf3 d6 7.O-O Nc6 8.d5 Ne5
9.Nxe5 dxe5 10.e4 f4 11.h3 g5 12.g4 h5 13.f3 Qd6 14.Rf2 a6 15.a3 hxg4 16.hxg4
Kf7 17.b4 b6 18.Bf1 Rh8 19.Rh2 Rxh2 20.Kxh2 Bd7 21.Kg2 Rh8 22.Be2 Nxg4 23.fxg4
Qh6 24.Bf3 Qh3+ 25.Kf2 Qg3+ 26.Ke2 Rh2+ 27.Kd3 Bxg4 {#R} 0-1

[Event "Ch Austria (juniors) (under 18)"]
[Site "masterchessopen.com - Schladming (Austria)"]
[Round "0"]
[White "Manhardt Thomas (AUT)"]
[Black "Mayerhofer Peter (AUT)"]
[Result "1-0"]
[WhiteElo "2148"]
[BlackElo "2244"]

1.c4 f5 2.Nc3 Nf6 3.Nf3 g6 4.g3 Bg7 5.Bg2 O-O 6.d4 d6 7.O-O Nc6 8.Bf4 Nh5 9.d5
e5 10.dxc6 bxc6 11.Bc1 Be6 12.Ng5 {#r} 1-0

[Event "Memorial M.Chigorin"]
[Site "masterchessopen.com - St. Petersburg (Russia)"]
[Round "1"]
[White "Korotylev Alexey (RUS)"]
[Black "Pogosjan V (RUS)"]
[Result "1-0"]
[WhiteElo "2430"]
[BlackElo "2022"]

1.d4 f5 2.Nf3 Nf6 3.g3 g6 4.Bg2 Bg7 5.O-O O-O 6.c4 d6 7.Nc3 Nc6 8.d5 Ne5
9.Nxe5 dxe5 10.c5 h6 11.Qb3 Kh8 12.Rd1 g5 13.Bd2 f4 14.Be1 a6 15.Rac1 Qe8
16.d6 exd6 17.cxd6 cxd6 18.Rxd6 Qh5 19.Qb6 Bf5 20.Nd5 fxg3 21.hxg3 Ne4 22.g4
Bxg4 23.Bxe4 Bxe2 24.Ne3 g4 25.Bg2 Rae8 26.Rc7 e4 27.Rg6 g3 28.fxg3 Qe5
29.Rxh6+ Kg8 30.Qb3+ {#r} 1-0

[Event "Ch World (juniors) (under 12) (g)"]
[Site "masterchessopen.com - Szeged (Hungary)"]
[Round "0"]
[White "Polushkina Svetlana (GER)"]
[Black "Abisheva Aziza (AZE)"]
[Result "1-0"]
[WhiteElo "2055"]
[BlackElo "1960"]

1.c4 f5 2.Nc3 Nf6 3.d4 g6 4.g3 Bg7 5.Bg2 O-O 6.Nf3 d6 7.O-O Nc6 8.Bf4 Nh5
9.Be3 e5 10.d5 Na5 11.Qa4 c5 12.Bg5 Qc7 13.Nb5 Qb6 14.Bd2 Bd7 15.Qxa5 Qxa5
16.Bxa5 Bxb5 17.cxb5 e4 18.Ng5 Bxb2 19.Rab1 {#r} 1-0

[Event "Ch World (juniors) (under 16)"]
[Site "masterchessopen.com - Szeged (Hungary)"]
[Round "0"]
[White "Avrukh Boris (ISR)"]
[Black "Belmonte Diego Mariano (ARG)"]
[Result "1-0"]
[WhiteElo "2425"]
[BlackElo "2209"]

1.d4 f5 2.Nf3 Nf6 3.g3 g6 4.Bg2 Bg7 5.O-O O-O 6.c4 d6 7.Nc3 Nc6 8.d5 Na5 9.Qd3
c5 10.Rb1 a6 11.b4 Ne4 12.Na4 cxb4 13.Be3 Nxc4 14.Qxc4 b5 15.Qxb4 bxa4 16.Nd4
a5 17.Qe1 Bd7 18.Bxe4 fxe4 19.Qd2 Rc8 20.Rb7 Rc5 21.Nc6 Bxc6 22.dxc6 Rh5
23.Rc1 Qe8 24.h4 Qf7 25.c7 Qe6 26.Rb8 Rc8 27.Rcb1 Kf7 28.Rxc8 Qxc8 29.Qc1 Rxh4
30.Qc4+ {#r} 1-0

[Event "It"]
[Site "masterchessopen.com - Timishoara (Romania)"]
[Round "9"]
[White "Szuhanek Ranko (ROM)"]
[Black "Bogdan Dan (ROM)"]
[Result "1-0"]
[WhiteElo "2350"]
[BlackElo "2420"]

1.c4 f5 2.Nf3 Nf6 3.g3 g6 4.Bg2 Bg7 5.O-O O-O 6.d4 d6 7.Nc3 Nc6 8.d5 Na5 9.Qa4
c5 10.dxc6 bxc6 11.Nd4 c5 12.Bxa8 cxd4 13.Nb5 Bd7 14.Bd2 Qxa8 15.Qxa5 Ne4
16.f3 Nxd2 17.Qxd2 e5 18.Nxd6 Qc6 19.Qb4 a5 20.Qa3 Rb8 21.c5 Bh6 22.b4 axb4
23.Qb3+ Kg7 24.Qf7+ Kh8 25.Qe7 Bf8 26.Qxe5+ Bg7 27.Nf7+ {#r} 1-0

[Event "It (open)"]
[Site "masterchessopen.com - Villalba (Spain)"]
[Round "7"]
[White "Ferreiro Manuel (ESP)"]
[Black "Bote Valentin (ESP)"]
[Result "0-1"]
[WhiteElo "2023"]
[BlackElo "2189"]

1.d4 f5 2.g3 Nf6 3.Bg2 g6 4.Nf3 Bg7 5.O-O O-O 6.c4 d6 7.Nc3 Nc6 8.d5 Ne5
9.Nxe5 dxe5 10.e4 f4 11.gxf4 exf4 12.e5 Ng4 13.e6 Ne5 14.Qb3 f3 15.Bh3 g5
16.Rd1 Qe8 17.Ne4 Qh5 18.Bf1 Ng4 19.h3 Be5 20.Bxg5 Rf5 21.Bxe7 Qg6 22.Bg5 Nf6
23.Nxf6+ Bxf6 24.Kh1 Rxg5 25.Qe3 Rg1+ 26.Kh2 Rxf1 {#R} 0-1

[Event "It (open)"]
[Site "masterchessopen.com - Leiden (Netherlands)"]
[Date "1994.02.12"]
[Round "4"]
[White "Van Den Berg Bram (NED)"]
[Black "Ahn Martin (BEL)"]
[Result "0-1"]
[WhiteElo "2214"]
[BlackElo "2290"]

1.d4 f5 2.Nf3 Nf6 3.g3 g6 4.Bg2 Bg7 5.O-O O-O 6.c4 d6 7.Nc3 Nc6 8.b3 Ne4 9.Bb2
Nxc3 10.Bxc3 Qe8 11.Qc2 e5 12.d5 Nd8 13.Rac1 Nf7 14.b4 Bd7 15.Nd2 Bh6 16.Ra1
g5 17.g4 Nh8 18.gxf5 Bxf5 19.Be4 Bh3 20.Bg2 Bxg2 21.Kxg2 Qh5 22.Ne4 g4 23.Kh1
Bf4 24.Ng3 Qh3 25.Kg1 Ng6 26.Qe4 Nh4 27.Qh1 Rf6 28.Rad1 Raf8 29.Rd3 Rh6 30.Bd2
e4 31.Bxf4 exd3 32.Qe4 dxe2 {#R} 0-1

[Event "It (open)"]
[Site "masterchessopen.com - Antwerpen (Belgium)"]
[Round "8"]
[White "Van Der Sterren Paul (NED)"]
[Black "Van Mil Johannes A J (NED)"]
[Result "1-0"]
[WhiteElo "2545"]
[BlackElo "2435"]

1.Nf3 g6 2.d4 Bg7 3.c4 d6 4.Nc3 f5 5.g3 Nf6 6.Bg2 O-O 7.O-O Nc6 8.d5 Na5 9.Qa4
c5 10.dxc6 bxc6 11.Bd2 Qb6 12.c5 dxc5 13.Ne5 Ba6 14.Rac1 Rad8 15.Nd5 cxd5
16.Bxa5 Qd6 17.Bxd8 Rxd8 18.Nc6 Bxe2 19.Rfe1 Rc8 20.Rxe2 Rxc6 21.Rxe7 Ra6
22.Qb5 Bf8 23.Re2 Rxa2 24.Rd1 Qb6 25.Bxd5+ Nxd5 26.Qc4 Qa6 27.Qxd5+ Kg7 28.Re8
{#r} 1-0

[Event "It (open)"]
[Site "masterchessopen.com - Aschach (Austria)"]
[Round "2"]
[White "Raetsky Alexander (RUS)"]
[Black "Birklbauer Toni (AUT)"]
[Result "1-0"]
[WhiteElo "2505"]
[BlackElo "2036"]

1.d4 f5 2.c4 Nf6 3.Nc3 g6 4.Nf3 Bg7 5.g3 O-O 6.Bg2 d6 7.O-O Nc6 8.d5 Ne5
9.Nxe5 dxe5 10.b3 a6 11.Qc2 h6 12.Ba3 g5 13.Rad1 Qe8 14.c5 Qh5 15.c6 e4
16.Bxe7 Re8 17.Bxf6 Bxf6 18.d6 cxd6 19.Nd5 Qf7 20.Nb6 bxc6 21.Nxa8 Bb7 22.Nb6
d5 23.Na4 f4 24.Nc5 Bc8 25.Nxe4 dxe4 26.Bxe4 fxg3 27.hxg3 {#r} 1-0

[Event "It (open)"]
[Site "masterchessopen.com - Asiago (Italy)"]
[Round "3"]
[White "Campanile Roberto (ITA)"]
[Black "Cherin Diego (ITA)"]
[Result "0-1"]
[WhiteElo "2208"]
[BlackElo "2256"]

1.d4 f5 2.Nf3 Nf6 3.g3 g6 4.Bg2 Bg7 5.O-O O-O 6.c4 d6 7.Nc3 Nc6 8.d5 Na5 9.Nd2
c5 10.Qc2 a6 11.b3 Rb8 12.Bb2 b5 13.Rab1 Qc7 14.e3 e5 15.dxe6 Bxe6 16.Nd5 Bxd5
17.cxd5 Rfc8 18.Rfc1 Qf7 19.Qc3 Nb7 20.Qd3 Rc7 21.Rc2 Re8 22.Ra1 Ng4 23.Bxg7
Qxg7 24.Rac1 Rce7 25.Re1 Ne5 26.Qc3 g5 27.Rd1 h6 28.Nf3 {#R} 0-1

[Event "It (open)"]
[Site "masterchessopen.com - Avoine (France)"]
[Round "5"]
[White "Velikov Petar (BUL)"]
[Black "Cattoni Manuel (FRA)"]
[Result "1-0"]
[WhiteElo "2440"]
[BlackElo "2052"]

1.Nf3 d6 2.c4 f5 3.Nc3 Nf6 4.d4 g6 5.g3 Bg7 6.Bg2 O-O 7.O-O Nc6 8.d5 Ne5
9.Nxe5 dxe5 10.b3 e4 11.Ba3 Ng4 12.Rc1 Bd7 13.h3 Ne5 14.Qd2 a5 15.f4 Nf7
16.Bc5 a4 17.Bd4 e5 18.Be3 exf4 19.gxf4 h6 20.Bd4 g5 21.Bxg7 Kxg7 22.Qd4+ Qf6
23.Qxf6+ Kxf6 24.fxg5+ Kxg5 25.Kh2 h5 26.Bxe4 axb3 27.axb3 Ra3 28.Bc2 Ne5
29.Rf2 Kh6 30.c5 Nc4 31.Nb1 {#r} 1-0

[Event "Ch Mittelfranken"]
[Site "masterchessopen.com - Bayern (Germany)"]
[Round "2"]
[White "Panzer Bernhard"]
[Black "Kotissek Philipp"]
[Result "0-1"]
[WhiteElo "1860"]
[BlackElo "2055"]

1.d4 f5 2.c4 Nf6 3.Nc3 g6 4.g3 Bg7 5.Bg2 O-O 6.Nf3 d6 7.O-O Nc6 8.Rb1 Ne4 9.e3
Nxc3 10.bxc3 e5 11.d5 Na5 12.Nd2 e4 13.Bb2 Qe8 14.Re1 b6 15.Bf1 g5 16.Nb3 Nxb3
17.axb3 f4 18.exf4 gxf4 19.Qc2 Qh5 20.Bg2 f3 21.Bh1 e3 22.Rxe3 Bf5 23.Qd1 Bxb1
24.Qxb1 Rae8 25.Bc1 Bxc3 26.Qd3 Rxe3 27.Bxe3 Be5 {#R} 0-1

[Event "It (b)"]
[Site "masterchessopen.com - Bermuda"]
[Round "9"]
[White "Arnett David A (USA)"]
[Black "Gordon Stephen J (ENG)"]
[Result "1-0"]
[WhiteElo "2350"]
[BlackElo "2535"]

1.d4 f5 2.Nf3 Nf6 3.c4 g6 4.Nc3 Bg7 5.g3 O-O 6.Bg2 d6 7.O-O Nc6 8.Qb3 Kh8
9.Rd1 Ne4 10.Be3 Nxc3 11.bxc3 h6 12.c5 Qe8 13.cxd6 cxd6 14.d5 Ne5 15.Nd4 Ng4
16.Bc1 g5 17.h3 Nf6 18.Ne6 Bxe6 19.dxe6 Ne4 20.Bxe4 fxe4 21.Qxb7 Bxc3 22.Bb2
Bxb2 23.Qxb2+ Rf6 24.Rxd6 Kg8 25.Qd4 Qf8 26.Rd7 Rxe6 27.Qd5 Kf7 28.Rc1 Rb8
29.Rc6 Rb6 {#r} 1-0

[Event "Ch Russia (club)"]
[Site "masterchessopen.com - Briansk (Russia)"]
[Round "1"]
[White "Kandyba L (RUS)"]
[Black "Petrienko Vladimir (RUS)"]
[Result "0-1"]
[WhiteElo "2367"]
[BlackElo "2460"]

1.d4 g6 2.c4 f5 3.g3 Bg7 4.Bg2 Nc6 5.Nf3 Nf6 6.Nc3 O-O 7.O-O d6 8.b3 h6 9.Bb2
g5 10.Re1 Ne4 11.e3 Nxc3 12.Bxc3 e5 13.dxe5 dxe5 14.Qd5+ Kh7 15.e4 f4 16.gxf4
gxf4 17.Qxd8 Rxd8 18.Rad1 Be6 19.Bf1 Bf6 20.h4 Kg7 21.b4 a6 22.a4 a5 23.b5 Nb4
24.Bxe5 Bxe5 25.Nxe5 Nc2 26.Rxd8 Rxd8 27.Rc1 Nd4 28.Nf3 {#R} 0-1

[Event "It (open) \"]
[Site "masterchessopen.com - Budapest (Hungary)"]
[Round "0"]
[White "Horkai Andras (HUN)"]
[Black "Dombai Istvan (HUN)"]
[Result "1-0"]
[WhiteElo "2019"]
[BlackElo "2157"]

1.d4 f5 2.c4 Nf6 3.Nc3 g6 4.g3 Bg7 5.Bg2 O-O 6.Nf3 d6 7.O-O Nc6 8.d5 Ne5 9.c5
Nxf3+ 10.Bxf3 dxc5 11.Be3 Nd7 12.Qb3 Ne5 13.Bxc5 Nxf3+ 14.exf3 Kh8 15.Rfe1 Re8
16.Qb4 a5 17.Qf4 e5 18.dxe6 Bxe6 19.Rad1 Bd7 20.Rxe8+ Qxe8 21.Qxc7 Bc6 22.Rd3
Be5 23.Qb6 a4 24.Re3 Qb8 25.Rxe5 {#r} 1-0

[Event "It (open)"]
[Site "masterchessopen.com - Copenhagen (Denmark)"]
[Round "10"]
[White "Pedersen Henrik Dahl (DEN)"]
[Black "Preuss Flemming (DEN)"]
[Result "1-0"]
[WhiteElo "2207"]
[BlackElo "1987"]

1.d4 f5 2.g3 Nf6 3.Bg2 d6 4.Nf3 g6 5.O-O Bg7 6.c4 O-O 7.Nc3 Nc6 8.d5 Ne5
9.Nxe5 dxe5 10.e4 f4 11.b4 g5 12.Bb2 g4 13.gxf4 exf4 14.f3 Qe8 15.e5 Qh5
16.exf6 Rxf6 17.fxg4 Bxg4 18.Bf3 Rg6 19.Bxg4 Rxg4+ 20.Kh1 Qh3 21.Rg1 h5 22.Na4
Bxb2 23.Nxb2 Rf8 24.Nd3 Kh8 25.Ne5 f3 26.Nxg4 f2 27.Qd4+ Rf6 28.Nxf6 {#r} 1-0

[Event "It (open)"]
[Site "masterchessopen.com - Decin (Czech Republic)"]
[Round "6"]
[White "Majerik Vladimir (CZE)"]
[Black "Reitinger Petr (CZE)"]
[Result "0-1"]
[WhiteElo "1914"]
[BlackElo "2093"]

1.c4 f5 2.Nc3 Nf6 3.g3 g6 4.Bg2 Bg7 5.d4 O-O 6.Nf3 d6 7.O-O Nc6 8.e3 e5 9.dxe5
dxe5 10.Qb3 e4 11.Rd1 Qe7 12.Nd4 Ne5 13.Ncb5 Qf7 14.Bf1 a6 15.Nc3 c5 16.Nde2
Qxc4 17.Qb6 Nfd7 18.Qa5 b6 19.Qa3 Nd3 20.Nf4 N7e5 21.Ncd5 Qc2 22.Be2 g5
23.Nxd3 Qxe2 24.Nc3 exd3 25.Nxe2 dxe2 26.Qb3+ c4 27.Qc2 Nf3+ {#R} 0-1

[Event "Bundesliga (juniors) (North) West 1994/95"]
[Site "masterchessopen.com - Germany"]
[Round "7"]
[White "Kuehn Peter (GER)"]
[Black "Lauber Arnd (GER)"]
[Result "0-1"]
[WhiteElo "2407"]
[BlackElo "2290"]

1.Nf3 d6 2.g3 f5 3.d4 Nf6 4.c4 g6 5.Nc3 Bg7 6.Bg2 O-O 7.O-O Nc6 8.d5 Ne5
9.Nxe5 dxe5 10.e4 e6 11.dxe6 c6 12.Qe2 Qc7 13.f4 Nxe4 14.Nxe4 fxe4 15.Rb1 Bxe6
16.Bxe4 Rae8 17.Qc2 Qb6+ 18.Kh1 Qd4 19.b3 exf4 20.Rxf4 Bh3 21.Bb2 Rxf4 22.Bxd4
Rfxe4 23.Bc3 Bf5 24.Qc1 Bxc3 25.Qxc3 Re3 {#R} 0-1

[Event "It (open)"]
[Site "masterchessopen.com - Graz (Austria)"]
[Round "5"]
[White "Skomorokhin Roman (RUS)"]
[Black "Vodep Otto (AUT)"]
[Result "1-0"]
[WhiteElo "2460"]
[BlackElo "2144"]

1.d4 f5 2.g3 Nf6 3.Bg2 g6 4.Nf3 Bg7 5.O-O O-O 6.c4 d6 7.Nc3 Nc6 8.d5 Na5 9.Qa4
c5 10.dxc6 bxc6 11.c5 dxc5 12.Ne5 Bb7 13.Rd1 Nd5 14.f4 Bxe5 15.fxe5 Nxc3
16.bxc3 Qb6 17.Bh6 Rfd8 18.Rdb1 Qa6 19.Rxb7 Qxb7 20.Qxa5 Qb2 21.Re1 Qb6 22.Qa4
e6 23.Qc4 Re8 24.Rd1 {#r} 1-0

[Event "It (open)"]
[Site "masterchessopen.com - Juvisy (France)"]
[Round "1"]
[White "Saleh Nagueb (UAE)"]
[Black "Frejaville Stephane (FRA)"]
[Result "1-0"]
[WhiteElo "2235"]
[BlackElo "2034"]

1.d4 d6 2.c4 f5 3.g3 Nf6 4.Bg2 g6 5.Nc3 Bg7 6.Nf3 O-O 7.O-O Nc6 8.d5 Ne5
9.Nxe5 dxe5 10.e4 f4 11.Qc2 g5 12.Rd1 Qe8 13.Qe2 Ng4 14.h3 Qh5 15.Rd3 Rf6
16.f3 Nh6 17.g4 Qg6 18.b3 Bd7 19.a4 a6 20.c5 Bf8 21.Ba3 Nf7 22.Rad1 b5 23.d6
exd6 24.Nd5 bxa4 25.Rc3 dxc5 26.Nxf6+ Qxf6 27.Rxd7 Qb6 28.Qc4 {#r} 1-0

[Event "It (open)"]
[Site "masterchessopen.com - Katowice (Poland)"]
[Round "8"]
[White "Shilov Sergej (UKR)"]
[Black "Mrozek Przemyslaw (POL)"]
[Result "1-0"]
[WhiteElo "2255"]
[BlackElo "2190"]

1.Nf3 f5 2.c4 Nf6 3.Nc3 g6 4.g3 Bg7 5.Bg2 d6 6.d4 O-O 7.O-O Nc6 8.d5 Na5 9.Qd3
c5 10.e4 e5 11.Ng5 fxe4 12.Ncxe4 Nxe4 13.Bxe4 Bf6 14.h4 Qe7 15.Bd2 b6 16.Rae1
Qg7 17.Kg2 Bxg5 18.hxg5 Bf5 19.Bc3 Qd7 20.Rh1 Rf7 21.b3 Raf8 22.f4 exf4 23.Bf6
Bxe4+ 24.Qxe4 fxg3 25.Qxg6+ Rg7 26.Qxg7+ Qxg7 27.Bxg7 Kxg7 28.Re7+ Kg6 29.Kxg3
{#r} 1-0

[Event "It (open)"]
[Site "masterchessopen.com - Mainz (Germany)"]
[Round "9"]
[White "Goemann Jens (GER)"]
[Black "Holoubkova Martina (CZE)"]
[Result "1-0"]
[WhiteElo "2152"]
[BlackElo "2268"]

1.d4 f5 2.g3 Nf6 3.Bg2 g6 4.c4 Bg7 5.Nf3 O-O 6.O-O d6 7.Nc3 Nc6 8.d5 Ne5
9.Nxe5 dxe5 10.Qb3 h6 11.c5 Kh8 12.Rd1 g5 13.Qc4 a6 14.b4 b5 15.Qb3 Rb8 16.a4
Qe8 17.axb5 axb5 18.Ra7 Rb7 19.Rxb7 Bxb7 20.c6 Bc8 21.Nxb5 f4 22.Nxc7 Qh5
23.Ne6 Bxe6 24.dxe6 Ng4 25.h3 Nxf2 26.Kxf2 fxg3+ 27.Kxg3 Qxe2 28.Qd3 Qf2+
29.Kh2 e4 30.Qxe4 {#r} 1-0